Normal view
MARC view
Entry Término temático
001 - NÚMERO DE CONTROL
- campo de control: 87688
003 - IDENTIFICADOR DEL NÚMERO DE CONTROL
- campo de control: DO-SdBNP
005 - FECHA Y HORA DE LA ÚLTIMA TRANSACCIÓN
- campo de control: 20250507113537.0
008 - DATOS DE LONGITUD FIJA
- campo de control de longitud fija: 250507|| aca||aabn | a|a d
040 ## - FUENTE DE LA CATALOGACIÓN
- Centro catalogador/agencia de origen: DO-SdBNP
- Centro/agencia transcriptor: DO-SdBNP
150 ## - ENCABEZAMIENTO--TÉRMINO DE MATERIA
- Término de materia o nombre geográfico como elemento de entrada: Riesgos (Seguros)
- Subdivisión general: Legislación
- Subdivisión geográfica: República Dominicana
670 ## - FUENTE DE DATOS ENCONTRADOS
- Cita de la fuente: Work cat.: (DO-SdBNP)58951: República Dominicana. 447, Reglamento para la organización y regulación de las administradoras de riesgos de salud (ARS) /
